000 01539 am a2200325 a 4500
001 60512
003 BD-RjUL
005 20211209080843.0
008 170101s1995 bg b s o000 0 eng d
020 _a9845081703
_c: Tk. 400.00 (Inland)
035 _a(BD-RjUL)60636
035 _a(OCoLC)ocm27450619
035 _a(NNC)1450898
040 _aDLC
_cDLC
_dDLC
_dBD-RjUL
_beng
041 0 _aengben
082 _223
_a304.6095492021
_bNAS 1995 (CS)
110 _aBangladesh Bureau Of Statistics.
_9179266
245 1 0 _aBangladesh population census, 1991 = বাংলাদেশ আদমশুমারী, ১৯৯১ :
_bCommunity series, Zila: Narsingdi = কমিউনিটি সিরিজ, জেলা: নরসিংদী /
_cBangladesh Bureau Of Statistics.
246 _aবাংলাদেশ আদমশুমারী, ১৯৯১ :
_bকমিউনিটি সিরিজ, জেলা: নরসিংদী
260 _aDhaka :
_bBBS,
_c1995
300 _axiv, 168 p. :
_bIll. ;
_c28 cm.
490 _aCommunity series, Zila: Narsingdi
490 _aকমিউনিটি সিরিজ, জেলা: নরসিংদী
500 _aPrefatory matter in Bengali and English.
651 0 _aBangladesh
_zNarsingdi
_vCensus, 1991.
_9180154
651 0 _aBangladesh
_zNarsingdi
_xPopulation
_vStatistics.
_9180155
830 _aCommunity series, Zila: Narsingdi
_9181086
830 _aকমিউনিটি সিরিজ, জেলা: নরসিংদী
_9179981
942 _2ddc
_cRAR
999 _c60512
_d60512